| 000 | 00858cam a22002533a 4500 | ||
|---|---|---|---|
| 001 | 17875 | ||
| 003 | PGUSA | ||
| 005 | 20140828083400.0 | ||
| 008 | 060227s2006||||xxu|||||s|||||000 | eng d | ||
| 040 |
_aPGUSA _beng |
||
| 042 | _adc | ||
| 050 | 4 | _aE151 | |
| 100 | 1 | _aAllen, William G., active 1849-1853 | |
| 245 | 1 | 4 |
_aThe American Prejudice Against Color : _bAn Authentic Narrative, Showing How Easily The Nation Got Into An Uproar. _h[electronic resource] / _cWilliam G., active 1849-1853 Allen |
| 260 |
_bProject Gutenberg, _c2006 |
||
| 506 | _aPublic domain in the USA. | ||
| 516 | _aElectronic text | ||
| 653 | _aAllen, William G., fl. 1849-1853 | ||
| 653 | _aMiscegenation -- United States | ||
| 653 | _aUnited States -- Race relations | ||
| 830 | 0 |
_aProject Gutenberg _v17875 |
|
| 856 | 4 | 0 | _uhttp://www.gutenberg.org/ebooks/17875 |
| 942 | _cEB | ||
| 999 |
_c247130 _d247130 |
||